Finančná podpora výskumu a inovácií z aspektu rizikového kapitálu

Problematike podpory výskumu a inovácií je v Európskej únii venovaná mimoriadna pozornosť. Postupný prechod jednotlivých krajín na poznatkovú ekonomiku. Využívanie rizikového kapitálu ako jednej z foriem finančnej podpory výskumu a inovácií v rámci krajín Európskeho výskumného priestoru (ERA). Zákla...

Description complète

Enregistré dans:
Détails bibliographiques
Auteur principal: Hečková, Jaroslava
Format: Chapitre de livre
Langue:slovaque
Sujets:
Tags: Ajouter un tag
Pas de tags, Soyez le premier à ajouter un tag!

MARC

LEADER 00000nla$a2200000$$$4500
001 0051074
005 20240502071607.6
041 0 |a slo 
044 |a SK 
245 1 0 |a Finančná podpora výskumu a inovácií z aspektu rizikového kapitálu  |c Jaroslava Hečková 
520 |a Problematike podpory výskumu a inovácií je v Európskej únii venovaná mimoriadna pozornosť. Postupný prechod jednotlivých krajín na poznatkovú ekonomiku. Využívanie rizikového kapitálu ako jednej z foriem finančnej podpory výskumu a inovácií v rámci krajín Európskeho výskumného priestoru (ERA). Základná charakteristika rizikového kapitálu. Súčasný stav využívania rizikového kapitálu na financovanie inovácií v krajinách ERA. 
610 2 0 |a kapitál rizikový 
610 2 0 |a financovanie 
610 2 0 |a výskum 
610 2 0 |a inovácia 
610 2 0 |a Európska únia 
100 1 |a Hečková, Jaroslava